000 01112nam a22003137a 4500
003 CHAP
005 20220329133746.0
008 971013s1978 mx r 00010 spa d
010 _a10456
011 _a11428
035 _a10666
040 _cCHAP
082 _a581.634
_bC3
100 0 0 _aCabrera, Luis G.
_916710
245 1 0 _aPlantas curativas de México :
_bpropiedades medicinales de las más conocidas plantas de México
260 _aMéxico, D. F. :
_bEditores Mexicanos Unidos,
_c1978
300 _a384 p. :
_bilus
590 _aBATCH-UPD
_b10
_c20130110
_lUCH01
_h0117
590 _aBATCH-UPD
_b10
_c20130110
_lUCH01
_h1134
590 _aBATCH-UPD
_b10
_c20130410
_lUCH01
_h0722
590 _aBATCH-UPD
_b10
_c20130914
_lUCH01
_h0740
590 _aCONVERSION
_b10
_c20130109
_lUCH01
_h1307
650 1 4 _aBotánica médica.
_914680
901 _aBK
942 _cLIBRO
949 _a581.634 C3
_bBC
_cC
_d-22403
_eC
_h45963
_i10666
_si
_t29.90
949 _a581.634 C3
_bBC
_cC
_d33724002237496
_eC
_fc.2
_gDonaciØn
_h114293
_i10666
_sb
949 _a581.634 C3
_bBC
_cC
_d33724002329728
_eC
_fc.3
_gDonaciØn
_h114704
_i10666
_sb
999 _c10456
_d10456